000 00540nam a2200133Ia 4500
008 220615s9999||||xx |||||||||||||| ||und||
020 _a9780260000000
245 0 _aGlobal Carbon Pricing
_bThe Path to Climate Cooperation
546 _aEnglish[eng]
650 _aemissions||clean air||climate change||environmental economics||CO2||greenhouse gases||Paris Agreement||free rider problem
700 _aCramton, Peter||MacKay, David JC||Ockenfels, Axel||Stoft, Steven
856 _uhttps://doi.org/10.7551/mitpress/10914.001.0001
942 _cEB
999 _c14119
_d14119